000
00306nam a22001337a 4500
003
SGT
020
_a
0195668022
082
_a
820
_b
S05W
100
_a
WATT, CAREY ANTHONY
245
_a
SERVING THE NATION: CULTURES OF SERVICE
260
_b
OXFORD UNIVERSITY PRESS
_c
2005
300
_a
255
942
_2
ddc
_c
BK
999
_c
29272
_d
29272